000 00266nam a2200097Ia 4500
005 20251222114343.0
008 251222s1900||||xx |||||||||||||| ||spa||
082 _aDVD0099/K26
245 0 _aClásicos de la Segunda Guerra Mundial: la caída del tercer Reich :
942 _cDVD
999 _c950
_d950